Podnikatelské příběhy

Enregistré dans:
Détails bibliographiques
Auteur principal: Khol, Josef
Format: Livre
Langue:tchèque
Publié: Praha Inst. řízení 1990
Édition:1. vyd.
Tags: Ajouter un tag
Pas de tags, Soyez le premier à ajouter un tag!

MARC

LEADER 00000nam a2200000 4500
001 c023213
005 20250606124937.2
041 0 |a cze 
044 |a CZ 
245 1 0 |a Podnikatelské příběhy  |c Josef Khol 
250 |a 1. vyd. 
264 1 |a Praha  |b Inst. řízení  |c 1990 
300 |a 37 s. 
100 1 |a Khol, Josef